Personálny lízing šetrí váš čas aj peniaze

Obsahové vymedzenie agentúry dočasného zamestnávania podľa zákona č.5/2004 Z.z.o službách zamestnanosti a o zmene a doplnenení niektorých zákonov v znení neskorších predpisov. Efektívny nástroj náborových aktivít. Zákon o službách a zamestnanosti. Subjekty a zmluvné vzťahy. Sprostredkovanie zamestna...

Full description

Saved in:
Bibliographic Details
Main Author: Voláková, Monika
Format: Book Chapter
Language:Slovak
Subjects:
Tags: Add Tag
No Tags, Be the first to tag this record!

MARC

LEADER 00000naa$a2200000$$$4500
001 0097705
005 20230908072115.7
041 0 |a slo 
044 |a SK 
245 1 0 |a Personálny lízing šetrí váš čas aj peniaze  |c Monika Voláková 
520 |a Obsahové vymedzenie agentúry dočasného zamestnávania podľa zákona č.5/2004 Z.z.o službách zamestnanosti a o zmene a doplnenení niektorých zákonov v znení neskorších predpisov. Efektívny nástroj náborových aktivít. Zákon o službách a zamestnanosti. Subjekty a zmluvné vzťahy. Sprostredkovanie zamestnania cez agentúru. Dočasné pridelenie zamestnancov. Výhody personálneho lízingu. Ďaľšie práce personálnych oddelení. 
610 2 0 |a odmeňovanie 
610 2 0 |a nábor pracovníkov 
610 2 0 |a outsourcing 
610 2 0 |a zamestnanci 
610 2 0 |a lízing personálny 
610 2 0 |a zamestnávatelia 
610 2 0 |a zmluvy pracovné 
610 2 0 |a dohody o vykonaní práce 
610 2 0 |a podmienky pracovné 
100 1 |a Voláková, Monika